Invisible Management:the social construction of leadership (Record no. 2326)

MARC details
000 -LEADER
fixed length control field 00439nam a22001697a 4500
005 - DATE AND TIME OF LATEST TRANSACTION
control field 20180223122609.0
008 - FIXED-LENGTH DATA ELEMENTS--GENERAL INFORMATION
fixed length control field 160601b xxu||||| |||| 00| 0 eng d
020 ## - INTERNATIONAL STANDARD BOOK NUMBER
ISBN 981-240-624-7
041 ## - LANGUAGE CODE
Language code of text/sound track or separate title eng
082 ## - DEWEY DECIMAL CLASSIFICATION NUMBER
Item number 6681
Classification number 303.34
100 ## - MAIN ENTRY--AUTHOR NAME
Personal name Sjostrand, Seven-Erik and others
245 ## - TITLE STATEMENT
Title Invisible Management:the social construction of leadership
260 ## - PUBLICATION, DISTRIBUTION, ETC. (IMPRINT)
Name of publisher Thomson
300 ## - PHYSICAL DESCRIPTION
Number of Pages 255
650 ## - SUBJECT ADDED ENTRY--TOPICAL TERM
Topical Term Management
942 ## - ADDED ENTRY ELEMENTS (KOHA)
Koha item type Books
Holdings
Lost status Damaged status Collection code Home library Current library Shelving location Date acquired Cost, normal purchase price Full call number Accession Number Koha item type
    Reference JRU Library   SHELF-28-D 01/06/2016 695.00 303.34 6681 Books
    MANAGEMENT JRU Library JRU Library SHELF-61-I 01/06/2016 695.00 303.34 6682 Books
    MANAGEMENT JRU Library JRU Library SHELF-61-I 01/06/2016 695.00 303.34 6683 Books
    MANAGEMENT JRU Library   SHELF-61-I 01/06/2016 695.00 303.34 6684 Books